Normal view
MARC view
- الارشاد النفسي-التربية
Entry Topical Term
001 - CONTROL NUMBER
- control field: 61005
003 - CONTROL NUMBER IDENTIFIER
- control field: JO-AjAnu
005 - DATE AND TIME OF LATEST TRANSACTION
- control field: 20230606083953.0
008 - FIXED-LENGTH DATA ELEMENTS
- fixed length control field: 230606|| aca||aabn | a|a d
040 ## - CATALOGING SOURCE
- Original cataloging agency: JO-AjAnu
- Transcribing agency: JO-AjAnu
150 ## - HEADING--TOPICAL TERM
- Topical term or geographic name entry element: الارشاد النفسي-التربية
670 ## - SOURCE DATA FOUND
- Source citation: Work cat.: (JO-AjAnu)31116: الداهري، صالح حسن احمد, author 61004, الارشاد التربوي عند ابن جماعة والقابسي